000 01137nam0a2200301 4500
001 RU\NLR\bibl\1086762
005 20260407143707.0
010 _a5-17-036498-9
_915000
021 _aRU
_b2007-21452
_91130
035 _a(NLR Aleph) 001073922
090 _a1016169
_c1016169
100 _a20070516d2007 |||y0rusy50 ca
101 0 _arus
102 _aRU
105 _ay |||||||||
200 1 _aЛучшие песни под гитару
_f[Изд-во АСТ
_gсост. Захаров В.В.]
210 _aМосква
_cАСТ
_d2007
215 _a62, [1] с.
_d20
225 1 _aДом, семья, досуг
686 _aЩ319.41(2)
702 1 _4220
_8rus
_7ca
_aЗахаров
_bВ. В.
_cсоставитель муз. сборников
_gВладимир Владимирович
_3RU\NLR\AUTH\7752817
_935750
712 0 2 _4570
_a"Издательство АСТ", общество с ограниченной ответственностью
_cМосква
_3RU\NLR\AUTH\8810016186
_9530217
801 0 _aRU
_bNLR
_c20070516
_gRCR
801 1 _aRU
_bNLR
_c20070516
942 _cBOOK
980 _aNB